[Event "Tashkent FIDE GP 2nd"]
[Site "Tashkent"]
[Date "2012.12.02"]
[Round "9"]
[White "Wang, Hao"]
[Black "Caruana, Fabiano"]
[Result "1-0"]
[WhiteElo "2737"]
[BlackElo "2786"]
[Annotator "Sumets,A"]
[PlyCount "85"]
[EventDate "2012.11.22"]
[EventType "tourn"]
[EventRounds "11"]
[EventCountry "UZB"]
[EventCategory "20"]
[SourceTitle "CBM 152"]
[Source "ChessBase"]
[SourceDate "2013.01.15"]
[SourceVersion "1"]
[SourceVersionDate "2013.01.15"]
[SourceQuality "1"]

1. d4 d5 2. c4 c6 3. Nc3 Nf6 4. cxd5 cxd5 5. Bf4 Nc6 6. e3 a6 7. Bd3 Bg4 8.
Nge2 e6 9. O-O Be7 10. Rc1 Bh5 $6 {An artificial line. Frankly speaking I
don't understand the reason to play such options if there are 2 reliable way
to get a normal position.} (10... O-O 11. Na4 (11. f3 Bh5) 11... Nd7 (11... Bh5
$6 {a bit dubious} 12. f3 (12. Qb3 $5 Ra7 13. Nc5) 12... Bg6 13. Bxg6 (13. a3
Nd7 14. b4 e5 $5 (14... Rc8 15. Nc5 Nxc5 16. bxc5 Qa5 17. Bxg6 hxg6 18. Qb3 (
18. Rb1 $5 e5 19. Bg3 Qxa3 20. Rb3 Qa4 21. Rxb7 $13) 18... e5 19. dxe5 (19. Bg3
exd4 20. exd4 Bf6 21. Bf2 Rfe8 22. Rc2 $11) 19... g5 20. Bg3 Bxc5 21. Bf2 Nxe5
22. Qxd5 Bb6 (22... Rfe8 $5) 23. Qxb7 Rxc1 24. Rxc1 Nd3 $15 {Van der Sterren,P
- Shirov,A Bundesliga 0001 2001 1/2 (47)}) 15. dxe5 Ndxe5 16. Bxg6 Nxg6 17. Nc5
Bxc5 18. Rxc5 Qe7 (18... d4 $5 19. Nxd4 Nxd4 20. Bc7 Nxf3+ 21. Qxf3 Qe7 $11)
19. Re1 a5 20. Rxd5 Nxf4 21. Nxf4 axb4 22. Rd7 Qc5 23. axb4 $14 {Landa,K -
Zherebukh,Y Bundesliga 2012 1/2 (52)}) 13... hxg6 14. Qb3 Ra7 15. Bg3 $6 (15.
Nc5 Qc8 16. Bg3 Nd7 17. Nd3 $14) 15... Nd7 16. Nf4 Na5 17. Qd1 Nc4 18. Qe2 b5
19. Nc3 Bh4 20. Bxh4 Qxh4 $11 {Fressinet,L -Volkov,S 12-th ch-EUR
Aix-les-Bains FRA 2011 1/2 (43)}) 12. f3 Bh5 13. Qb3 Ra7 14. Bg3 Bg6 15. Nf4
Na5 16. Qd1 (16. Qc2 $5 b5 17. Nc3 (17. Nxg6 hxg6 18. Nc3 Nb6 19. Nb1 Bd6 $11)
17... Bxd3 18. Nxd3 Nc4 19. Nd1 Bd6 $11) 16... b5 17. Nc3 Bxd3 18. Nxd3 Nc4 19.
Qe1 Bd6 20. b3 Bxg3 21. hxg3 Nd6 {1/2 Granda Zuniga,J - Gelfand,B 39th
Olimpiad Men 2010}) (10... Rc8 $5 11. Qb3 (11. a3 Nd7 $1 12. Rc2 (12. Qb3 $6
Na5 13. Qa4 b5) 12... Nb6 (12... Bh5 13. Bg3 O-O 14. Qb1 Bg6 15. Nf4 Bxd3 16.
Nxd3 Nb6 17. Qa2 Nc4 18. Nb1 Bg5 19. Re1 h5 20. b3 Nd6 21. Bxd6 {1/2 Vaisser,A
- Gurevich,M Escaldes zt 1998}) 13. Qc1 (13. Bg3 Bh5 14. Qc1 Bg6 $11) 13... Bh5
14. Bg3 Bg6 15. Nf4 O-O 16. Nxg6 hxg6 17. Nb1 Bd6 $11 {Vaisser,A - Chernin,A
EU-chT 11th 1997 0-1 (44)}) 11... Na5 12. Qa4+ Nc6 (12... b5 $2 13. Nxb5 $18)
13. Qb3 (13. Ng3 Bh5) 13... Na5 14. Qa4+ Nc6 15. Qb3 {1/2 Vaisser,A - Tkachiev,
V FRA-chT 2001}) 11. Qb3 $6 (11. Na4 $1 Nd7 (11... O-O {See the notes to the
game Fressinet,L - Volkov,S}) 12. Qb3 Na5 (12... Ra7 13. Bg3 Bg6 (13... Bh4 14.
Bxh4 Qxh4 15. Nf4 Bg6 16. Nb6 $16) 14. Nf4 Bxd3 15. Nxd3 O-O 16. h3 $14) 13.
Qc3 Nc6 (13... Nc4 $6 14. b3 (14. e4 $5 b5 (14... O-O 15. exd5 exd5 16. b3 Nd6
17. Qc7 $16) 15. exd5 exd5 16. b3 $1 $16) 14... Nd6 15. Nc5 Rc8 16. Qb2 $16)
14. Bg3 Rc8 15. a3 Bg6 16. Nf4 Bxd3 (16... Bh4 $5 17. Bxh4 Qxh4 18. b4 O-O 19.
Nc5 $14) 17. Nxd3 O-O 18. Ndc5 $6 (18. b4 b6 19. Qb3 $14) 18... Na5 (18... Nxc5
$5 19. dxc5 (19. Nxc5 Na5 20. Qd3 Nc4 21. b3 (21. Nxb7 $6 Qb6 22. b3 Nxe3 23.
Qxe3 Qxb7 $15) 21... Nxa3 22. Nxb7 Qb6 23. Nc5 Bxc5 24. dxc5 Rxc5 25. Rxc5 Qxc5
26. Qxa6 Nb5 $11) 19... Na5 20. b4 Nc4 21. Rfd1 f5 $11) 19. b4 Nxc5 $2 (19...
b6 $1 20. Nxb6 (20. bxa5 bxc5 21. dxc5 Bxc5 22. Rfd1) 20... Nxb6 21. bxa5 Nc4
22. Nxa6 Bxa3 $11) 20. bxc5 Nc4 21. Qb3 $1 Qd7 (21... Nd2 22. Qxb7 Nxf1 23.
Rxf1 $1 $18 (23. Kxf1 $2 Qa5 24. Qb4 Bd8)) 22. Nb6 Nxb6 23. Qxb6 $16 {[%emt 0:
00:11] Landa,K - Svetushkin,D TCh-FRA TOP12 20 1-0 (32) Based on this game, I
believe that Black does not have equality after 10....Bh5. It is interesting
to speculate as to what F.Caruana had prepared after 11.Na4.}) 11... Na5 12.
Qa4+ Nc6 $1 (12... b5 $6 13. Nxb5 axb5 14. Bxb5+ Kf8 15. Bc7 Nc4 16. Bxd8 Rxa4
17. Bxe7+ Kxe7 18. Bxa4 Bxe2 19. Rfe1 Nxb2 (19... Bd3 20. b3 Nb6 21. Rc7+ $16)
20. Rc7+ Kd6 21. Rxe2 Nxa4 (21... Kxc7 22. Rxb2 $16) 22. Rxf7 Rb8 23. h3 Ne8
24. Rc2 $16) 13. Bg3 (13. Qb3 $11) 13... Bg6 14. Nf4 Bxd3 {I don't think that
this is the best way. Why not 14 ...Bd6?} (14... Bd6 $5 15. Qd1 O-O 16. Nxg6
hxg6 $11) 15. Nxd3 Nd7 16. Qd1 O-O 17. Na4 Rc8 18. Ndc5 Nxc5 $6 (18... Bxc5 $1
19. Nxc5 (19. dxc5 b5 $5 20. cxb6 Nxb6 21. Rc3 (21. Nc5 a5 22. Nb7 Qd7) 21...
d4 $1 22. exd4 Nxa4 23. Qxa4 Nxd4 24. Qxa6 Rxc3 25. bxc3 Qc8 26. Qxc8 Ne2+ 27.
Kh1 Rxc8 $11) 19... Nxc5 20. dxc5 e5 21. Qb3 Qd7 22. Rfd1 Rfd8 $11) 19. dxc5
$14 Na7 20. b4 Rc6 (20... Bh4 21. Nb6 $1 Rc6 22. Be5 Nc8 (22... Bf6 $2 23. Bxf6
Qxf6 24. Nd7 $18) 23. Qg4 g6 24. Nxc8 Rxc8 25. e4 $14) 21. h3 a5 $2 22. b5 $1
Nxb5 23. Qb3 Nc7 24. Qxb7 Qa8 25. Rb1 $16 Rc8 26. Qxa8 Nxa8 27. Rb7 Bf8 (27...
Bxc5 $2 28. Rc1 $18) 28. Rfb1 f6 29. Ra7 (29. Rb8 $5 {I believe this way is
better than 29 Ra7. If White trades rook, Black has no counterplay at all.} e5
30. Rxc8 Rxc8 31. Rb7 h5 32. Ra7 $18 Rb8 (32... g5 33. f3) 33. f4) 29... e5 30.
f4 $6 (30. Rbb7 h5 31. h4 {White's position seems to be winning.}) 30... d4 31.
fxe5 dxe3 32. exf6 gxf6 $2 (32... Rxf6 $1 33. Re1 (33. Rxa5 e2 34. Re1 Re6 35.
a3 g6 $132) 33... Rfc6 34. Rxe3 Nc7 35. Rxa5 Ne6 {Black has some chances to
draw.}) 33. Kf1 $18 Re8 34. Ke2 (34. Rb8 $1 Rxb8 35. Bxb8 $18) 34... Rcc8 (
34... Bxc5 $5 35. Nxc5 Rxc5 36. Rbb7 Rg5 37. Bf4 Rxg2+ 38. Kf3 Rg6 (38... e2
39. Kxg2 e1=Q 40. Rg7+ Kh8 41. Rxh7+ Kg8 42. Rag7+ Kf8 43. Bd6+ Re7 44. Bxe7+
Ke8 45. Rg8+ Kd7 46. Bb4+ $18) 39. Bxe3 h5 40. a4 h4 41. Bf4 $18) 35. Rbb7 f5
36. Rxa5 Rcd8 37. Be1 Bh6 38. Nb2 Rb8 39. Raa7 Rxb7 40. Rxb7 Rc8 41. Nd3 Nc7
42. Rb6 Bg5 43. Rc6 1-0

[Event "EU-ch 10th"]
[Site "Budva"]
[Date "2009.03.11"]
[Round "6"]
[White "Kozul, Zdenko"]
[Black "Vitiugov, Nikita"]
[Result "1/2-1/2"]
[WhiteElo "2594"]
[BlackElo "2687"]
[Annotator "Vitiugov,N"]
[PlyCount "130"]
[EventDate "2009.03.06"]
[EventType "swiss"]
[EventRounds "11"]
[EventCountry "MNE"]
[SourceTitle "CBM 130"]
[Source "ChessBase"]
[SourceDate "2009.05.20"]
[SourceVersion "1"]
[SourceVersionDate "2009.05.20"]
[SourceQuality "1"]

{This game is typical of my play in the European Championship. It was very
complicated, not without mistakes.a struggle in which I had a bit of good luck.
} 1. d4 d5 2. c4 c6 3. Nc3 dxc4 $5 {An interesting line. It is somesort of
hybrid of the QGA and the Slav.} 4. e4 b5 5. a4 b4 6. Nb1 $5 {A rare
continuation.} ({Usually} 6. Na2 Nf6 7. e5 Nd5 8. Bxc4 e6 $13 {is played.})
6... Ba6 (6... Nf6 $6 7. e5 Nd5 8. Bxc4 $14 {and the white knight on b1 is
much better, than on a2.}) 7. Nf3 ({The World Champion played here} 7. Be3 $5
Nf6 8. f3 e5 9. Ne2 exd4 10. Nxd4 Qa5 11. Nd2 c3 12. N2b3 Qc7 13. bxc3 Bxf1 14.
Kxf1 bxc3 15. Rc1 Bb4 16. Ne2 O-O 17. Nxc3 $13 {Anand,V -Lautier,J /Monte
Carlo 1996}) 7... e6 ({Maybe} 7... Nf6 {is more principle, but it is more
dangerous for Black} 8. e5 Nd5 9. e6 f6 $13 10. Be2 Bc8 11. Bxc4 Bxe6 12. Qb3
a5 13. O-O Bf7 14. Nbd2 g6 15. Ne4 Bg7 16. Re1 O-O $15 {Grant,J -Ledger,A /
Cork 2005}) 8. Bg5 Qa5 9. Qc1 (9. Nbd2 {was also possible:} h6 10. Be3 c3 11.
Nb3 Qc7 12. Bxa6 cxb2 13. Rb1 Nxa6 14. Qd3 Nb8 15. O-O Nf6 16. Rxb2 $44) 9...
h6 10. Be3 {Very natural.} ({I don't like} 10. Bh4 c3 (10... g5 11. Bg3 Nf6 12.
Bxc4 Nxe4 13. Be5 Rg8 14. Nbd2 $44) 11. bxc3 Nd7 $5 $36) 10... c3 (10... Nf6 $6
{is weaker} 11. e5 Nd5 12. Bxc4 Bxc4 13. Qxc4 Qa6 14. Nbd2 Qxc4 15. Nxc4 c5 16.
Ke2 Nd7 17. Rhc1 Be7 18. Na5 $14 {Yakovich,Y -Beshukov,S /Saint Vincent 2000})
11. bxc3 Bxf1 (11... bxc3 $6 12. Nxc3 Bb4 13. Bd2 Nf6 14. e5 Bxf1 15. Kxf1 Bxc3
16. exf6 $5 Bxd2 17. fxg7 Rg8 18. Nxd2 Qg5 19. Ne4 Qxg7 20. Qf4 Nd7 21. g3 $14
{Sherbakov,V -Meister,Y /Togliatti 2003}) 12. Kxf1 Nf6 13. e5 Nd5 14. c4 Qa6
15. Kg1 Nxe3 16. fxe3 c5 (16... Be7 $2 17. c5 $14) 17. Nbd2 {A series of
almost only moves has ended, and I began thinking. In good time! Firstly I was
rather optimistic, but the more I thought the more I understood that Black has
more problems in this position than White.} Be7 18. h4 $1 Nd7 19. Qc2 Qb7 {
I wanted to castle long, but couldnt find an appropriate way to do it.} (19...
Qc6 20. Qd3 $1 {and d5.}) 20. a5 $1 {Kozul played this game in inspired
fashion and strongly - he was in his element. During my preparation for the
game I noticed that he likes to push pawns ahead and in spite of this gave him
such an opportunity.} Rb8 21. Nb3 O-O 22. Rh3 f5 {A sensible decision, but I
considered that this was how I had to play.} 23. Rf1 (23. d5 $5 exd5 24. Rd1 d4
25. exd4 cxd4 $13) 23... Rbc8 24. h5 Qc7 25. Nbd2 $5 {A risky desicion.} ({
I was ready to agree a draw after} 25. Rc1 Qb7 26. Rf1 Qc7 {, but Zdenko is an
uncompromising fighter.}) 25... Qxa5 26. Rg3 cxd4 27. exd4 Rf7 $6 $138 {
To play such position in time trouble against Kozul is very, very unpleasant.}
(27... Qb6 $5 $13) 28. c5 Qb5 29. Ra1 Qb7 $2 ({Black must sacrifice a piece,
but I couldn't nring myself to do it.} 29... Nxc5 30. dxc5 Bxc5+ ({or} 30...
Qxc5+ $5 31. Qxc5 Bxc5+ 32. Kf1) 31. Kh1 Rc6 $13) 30. Qa2 Nf8 31. Qxa7 $2 $138
{A mutual mistake.} (31. Nc4 $5 $36) 31... Qd5 $2 (31... Qxa7 32. Rxa7 Rxc5 $1
$17) 32. Qa2 $16 {Now Black's position is almost losing. He has only practical
chances.} Qb7 33. Qc4 Rb8 34. Ra6 Qc8 35. Nb3 Bg5 $5 {In my opinion the only
chance.} 36. Nxg5 hxg5 37. Rxg5 Qd8 38. Rg3 Qh4 39. Rh3 Qg4 40. Qd3 ({The more
precise move was} 40. Rxe6 $5 Nxe6 41. Qxe6 $18 {and the black rooks are
absolutely helpless.}) 40... f4 41. d5 $6 {After this the black pieces became
slightly more active.} ({More reliable was} 41. Qf3) 41... Rf5 42. d6 Rxe5 43.
Ra7 Qg5 (43... Rd8 $5) 44. Ra1 Rd8 $6 {Both opponents became tired and mistake
appears more and more often.} (44... Rd5 $1 45. Qc2 Rc8 46. Qe4 Rdxc5 47. d7
Nxd7 48. Qxe6+ Kh8 49. Nxc5 Qxc5+ 50. Kh1 Qe5 51. Qxe5 Nxe5 {with some chances
to draw for Black.}) 45. Qc2 Qg4 46. Qf2 Rxh5 47. Rxh5 (47. Qf3 $5 {was more
unpleasant for Black:} Qxf3 48. Rxf3 Ng6 49. Rd1 $16) 47... Qxh5 48. Qxf4 Ng6
49. Qg3 e5 50. Qh3 $2 {An artificial move.} (50. Qf3 $1 {was the correct way.})
50... Qg5 51. c6 $2 Nf4 (51... Rxd6 $2 52. c7 Ne7 53. Nc5 $1 $18) 52. Qf3 e4
53. Qxe4 Nxg2 $4 $138 {A terrible mistake. I had defended during the whole
game, and made a mistake just one step before a draw.} (53... Rf8 $1 54. c7 (
54. Qf3 Nd5 55. Qe2 Nf4 $11) 54... Qg3 55. Qc4+ Kh8 56. Qc2 Nh3+ 57. Kh1 Nf2+
58. Qxf2 Qxf2 59. d7 Qh4+ 60. Kg1 $11) 54. Qxg2 $4 $138 {The last act of this
very dramatic game. White played better, but Black was luckier.} (54. Ra5 $1
$18 {won immediately.}) 54... Qe3+ $11 55. Qf2 (55. Kh1 Rxd6 56. Ra8+ Kf7 57.
Qf1+ Rf6 58. Qc4+ Kg6 59. Qc2+ $11) 55... Qg5+ 56. Qg2 (56. Kh1 Qd5+ (56...
Rxd6 $2 57. Ra8+ Kh7 58. Rh8+ $1 Kxh8 59. Qf8+ Kh7 60. Qxd6 $18) 57. Qg2 Qh5+
58. Kg1 Rxd6 59. c7 Rd1+ 60. Rxd1 Qxd1+ 61. Kh2 (61. Kf2 Qc2+ $11) (61. Qf1
Qg4+ 62. Kh2 Qh4+ 63. Qh3 Qf2+ 64. Kh1 Qe1+ 65. Kg2 Qe2+ $11) 61... Qh5+ 62.
Kg3 Qe5+ $11) 56... Qe3+ 57. Qf2 Qg5+ 58. Kf1 Rf8 59. Qxf8+ Kxf8 60. d7 Qf4+
61. Ke2 Qe4+ 62. Kd2 Qd5+ 63. Ke1 Qe4+ 64. Kd2 Qd5+ 65. Ke1 Qe4+ 1/2-1/2

[Event "Olympiad-32"]
[Site "Yerevan"]
[Date "1996.09.25"]
[Round "9.3"]
[White "Vera Gonzalez Quevedo, Reynaldo"]
[Black "Kutirov, Rolando"]
[Result "1-0"]
[WhiteElo "2505"]
[BlackElo "2525"]
[Annotator "Vorotnikov,V"]
[PlyCount "66"]
[EventDate "1996.09.15"]
[EventType "team-swiss"]
[EventRounds "14"]
[EventCountry "ARM"]
[SourceTitle "CBM 055"]
[Source "ChessBase"]
[SourceDate "1996.12.01"]
[SourceVersion "1"]
[SourceVersionDate "1996.12.01"]
[SourceQuality "1"]
[WhiteTeam "Cuba"]
[BlackTeam "Macedonia"]
[WhiteTeamCountry "CUB"]
[BlackTeamCountry "MKD"]

1. d4 d5 2. c4 c6 3. Nc3 Nf6 4. cxd5 cxd5 5. Bf4 Nc6 6. e3 a6 7. Bd3 Bg4 8.
Nge2 e6 (8... Bxe2 9. Qxe2 e6 10. O-O Be7 11. Rac1 O-O 12. Bg3 Rc8 13. Rfd1 g6
14. f3 Re8 15. Bb1 b5 16. a4 b4 17. Na2 b3 18. Nc3 Qb6 19. Bf2 Qb7 20. e4 $13
Nb4 21. e5 Nd7 22. f4 Rc6 23. g4 Rec8 24. Be3 Nb6 25. f5 Nc4 26. Rf1 Nc2 27.
Bxc2 bxc2 28. fxg6 fxg6 29. Bh6 Nxb2 30. Qf3 $18 {Jacimovic,S-Sturua,Z/Moscow/
1994/}) 9. O-O Bd6 (9... Be7 10. Rc1 O-O 11. f3 Bh5 12. Na4 Nd7 13. Qb3 Nb4 14.
Bc7 Qe8 15. Bb1 b5 16. Nb6 Ra7 17. Nxd7 Qxd7 18. Ba5 Nc6 19. Qc2 {Jacimovic,
D-Pajkovic,V/YUG/1994/1:0/34/}) 10. f3 Bh5 11. Rc1 Bg6 12. Na4 {/\13.Nc5} Bxf4
13. Nxf4 Nd7 14. a3 O-O 15. b4 $14 {><c5} Nb6 $2 (15... Bxd3 $5 16. Nxd3 Qe7
17. Ndc5 Nxc5 18. Nxc5 Rac8 $14) 16. Nxg6 $1 hxg6 17. Nc5 Qe7 18. f4 $16 a5 19.
b5 Na7 20. h4 $1 $40 Nac8 21. h5 gxh5 22. Qxh5 f5 23. g4 Nd6 24. g5 Rfc8 25.
Rc2 $1 (25. g6 Qf6 26. Qh7+ Kf8 $13) 25... Qf7 26. g6 Qf6 27. Rfc1 $18 Kf8 28.
Nxb7 $1 Ndc4 (28... Rxc2 29. Rxc2 Nxb7 30. Rc7 $18) (28... Nxb7 29. Rc7 $18)
29. Bxc4 dxc4 30. Nd6 Rc7 31. Nxc4 Rac8 32. Nxb6 Rxc2 33. Qh8+ Ke7 1-0

[Event "NED-chT 9900"]
[Site "Netherlands"]
[Date "2000.04.29"]
[Round "7.2"]
[White "Winants, Luc"]
[Black "Deegens, Vincent"]
[Result "1-0"]
[WhiteElo "2510"]
[BlackElo "2313"]
[Annotator "Winants,L"]
[PlyCount "41"]
[EventDate "2000.02.05"]
[EventType "team-tourn"]
[EventRounds "9"]
[EventCountry "NED"]
[SourceTitle "CBM 076 Extra"]
[Source "ChessBase"]
[SourceDate "2000.07.11"]
[SourceVersion "1"]
[SourceVersionDate "2000.07.11"]
[SourceQuality "1"]
[WhiteTeam "Rotterdam"]
[BlackTeam "Nijmegen"]
[WhiteTeamCountry "NED"]
[BlackTeamCountry "NED"]

{[%mdl 192]} 1. d4 d5 2. c4 c6 3. Nc3 Nf6 4. e3 a6 {Une conception moderne,
fréquemment adoptée par Shirov et Bareev.} 5. Bd3 b5 {Les Noirs suivent leur
plan initial : provoquer le coup b3, pour empêcher la Dame d'y parvenir, et
mobiliser ensuite le Fou sur g4.} ({Une autre méthode reviendrait au Gambit
Dame accepté après} 5... dxc4 6. Bxc4 e6 7. Nf3 c5 {.}) 6. b3 Bg4 7. Nge2 e6 8.
O-O Nbd7 9. Qc2 {Je n'avais jamais étudié cette variante, mais la position des
Blancs me paraissait assez facile а jouer. Le coup de Dame libère le Ne2, qui
menace maintenant de bondir en f4 ou g3, pour encercler le Fou adverse.} Bh5 $2
{Une retraite thématique, mais désormais fautive ! Il est d'ailleurs curieux
de constater comment certaines idées échappent aux règles générales, puisque
celle-ci convenait fort bien au coup précédent (8... Bh5 !).} ({La réplique
adéquate, justement trouvée par Alexeï Shirov, contre Karpov, était} 9... Rc8
$1 {Et si} 10. Nf4 {alors} e5 $1) 10. Nf4 {J'avais entrevu cette possibilité
dès le huitième coup, mais j'ai passé plus d'une demi-heure а en vérifier les
conséquences. La combinaison comportait évidemment de nombreuses astuces
tactiques, mais aussi et surtout deux échanges successifs, qui, pris
séparément, représentaient de lourdes concessions stratégiques. Il valait donc
mieux ne rien laisser au hasard.} Bg6 {[#]} 11. Bxg6 $1 {Première surprise :
Les Blancs se séparent du bon Fou et acceptent l'ouverture de la colonne -h-.}
hxg6 12. cxd5 $1 {Et maintenant cet échange expose et le Nc3 et la Qc2 aux
velléités de la Ra8.} ({Le sacrifice primitif du Cavalier sur g6 s'achevait au
bénéfice des Noirs après} 12. Nxg6 $2 fxg6 13. Qxg6+ Ke7 14. Ba3+ c5 15. dxc5
Qa5 $1) 12... exd5 {La rapidité avec laquelle mon adversaire a effectué ce
coup m'a réellement surpris, car j'avais surtout examiné l'autre prise.} ({
Supposons} 12... cxd5 {Il y aurait deux possibilités.} 13. Nxg6 $1 (13. Nxe6 $2
{Fort tentant, mais complètement erroné !} Bd6 $1 {Le plus simple.} ({Il est
évident que} 13... fxe6 $4 {entraînerait une débâcle après} 14. Qxg6+ Ke7 15.
Ba3+) ({Mais} 13... Qb8 {serait également intéressant.}) 14. Nxd8 ({
Certainement pas} 14. Nf4 $2 g5 15. Nh3 Qc7 {Menaçant 16...b4 ou 16... Bxh2+})
14... Bxh2+ {Echec perpétuel.}) 13... Rh7 {C'est justement cette position
qu'il fallait évaluer а sa juste valeur !} 14. Nxf8 Nxf8 ({Ou} 14... Kxf8 15.
Ba3+ Kg8 16. Bd6 $1 {Consolidant le Ph2, tout en activant le Fou.}) 15. Ba3 $3
{La pointe : Le Fou se dirige vers c5.} Qb8 16. h3 Ng4 ({Sur} 16... b4 {Il suit
} 17. Bxb4 $1 Qxb4 18. Nxd5 $1 Nxd5 19. Qc6+ Ke7 20. Qxa8 {Et les Blancs
gagnent.}) 17. Rfc1 $1 Qh2+ 18. Kf1 Nf6 19. Nxd5 $1 {Fini !}) 13. e4 $1 {
[#] Tout est clair maintenant : Le Roi noir sera bientôt bombardé de toute
part.} Be7 $2 {Perd sans résistance. Cependant la position ne pouvait plus
être sauvée. Quelques variantes instructives :} ({a)} 13... b4 14. exd5 $1 bxc3
15. Re1+ Be7 16. d6 {Les Noirs sont perdus.}) ({b)} 13... Nb6 14. e5 $1 Nh5 15.
Ncxd5 $3 cxd5 16. Qc6+ Qd7 (16... Nd7 17. e6 $1) 17. Qxb6 {Avec un pion de
plus et l'attaque}) ({c)} 13... dxe4 14. Nxe4 Qc7 15. Ng5 $1 {La seule façon !}
({Les Noirs ne seraient pas moins bien après} 15. Nxf6+ Nxf6 16. Re1+ Kd7 $1)
15... Nb6 (15... Be7 $2 {serait réfuté par} 16. Nge6 $1) ({Et après} 15... Qd6
16. g3 Rh6 17. Re1+ Be7 18. a4 {Il y aurait trop de menaces.}) 16. Re1+ Be7 17.
Ba3 Nbd5 18. Bxe7 Nxe7 19. Rxe7+ $3 Kxe7 20. Nxg6+ $1 fxg6 21. Qe2+ Ne4 {
Sinon la Dame est perdue.} 22. Qxe4+ Kf6 23. h4 $1 {Et l'offensive décide.})
14. e5 $1 Nh5 15. e6 {Le Pg6 se trouve de nouveau en point de mire !} Nf8 16.
Ncxd5 $1 {Eliminant le dernier obstacle. Le reste est simple.} fxe6 ({Ou pire :
} 16... cxd5 17. Qc6+ Nd7 18. exd7+ Kf8 19. Re1) 17. Qxc6+ Kf7 18. Nxe7 Kxe7 {
Forcé : Si} (18... Qxe7 19. Qxa8) ({Ou} 18... Nxf4 19. Bxf4 Kxe7 20. Bg5+ {
Capturant la Dame.}) 19. Qb7+ {Le plus précis, car le Roi doit maintenant
abandonner la protection du Pe6 ou alors monter vers l'échafaud !} Kf6 (19...
Ke8 20. Nxe6 Nxe6 21. Re1) 20. Nh3 {Menaçant 21.Bg5+. Les Blancs terminent la
partie en s'appuyant sur la position de la Dame, liée а la défense de la Ra8.}
Nh7 ({Le plus beau dénouement se produisait après} 20... Qd5 21. Bg5+ Kf5 22.
Rae1 $3 Qxb7 (22... Nd7 23. Qxd7 $1) 23. f3 $1 {Suivi du mat en quatre coups.
Par exemple,} Qxf3 (23... Qd5 24. g4#) (23... e5 24. Rxe5#) 24. Rxf3+ Kg4 25.
Re5 Nf4 (25... Nf6 26. Nf2+ Kh5 27. Rh3#) 26. Nf2+ Kh5 27. g4#) 21. Qf3+ {
Les Noirs abandonnent.} ({Il aurait pu suivre :} 21. Qf3+ Ke7 22. Ba3+ Ke8 (
22... Kd7 23. Rac1 $1) 23. Rfe1) 1-0

[Event "Seville op 24th"]
[Site "Seville"]
[Date "1999.??.??"]
[Round "4"]
[White "Yakovich, Yuri"]
[Black "Stefanova, Antoaneta"]
[Result "1/2-1/2"]
[WhiteElo "2565"]
[BlackElo "2475"]
[Annotator "Yakovich,Y"]
[PlyCount "92"]
[EventDate "1999.01.??"]
[EventType "swiss"]
[EventRounds "9"]
[EventCountry "ESP"]
[SourceTitle "CBM 069"]
[Source "ChessBase"]
[SourceDate "1999.04.01"]
[SourceVersion "1"]
[SourceVersionDate "1999.04.01"]
[SourceQuality "1"]

1. d4 d5 2. c4 c6 3. Nc3 dxc4 $6 4. e4 b5 5. a4 b4 6. Na2 e5 (6... Nf6 $5) 7.
Nf3 exd4 8. Bxc4 Ba6 9. Bxa6 Nxa6 10. Qxd4 Qxd4 11. Nxd4 c5 $5 $146 (11... Ne7
$2 {inf 63/326}) 12. Nb5 Nf6 13. f3 Be7 14. Be3 O-O 15. Ke2 $1 Nd7 $1 16. Rhd1
Ne5 (16... Nb6 17. b3 c4 18. Nxa7 $1 (18. Bxb6 axb6 19. bxc4 Rfc8) (18. a5 cxb3
19. axb6 axb6 $1) 18... cxb3 19. Bxb6 Bf6 $1 20. Nxb4 $1 Nxb4 21. Rab1 (21. Ra3
$5 b2 22. a5) 21... b2 22. a5 Na2 23. Nb5 $14) 17. Rac1 Nc6 {/\Bf6} 18. f4 $1 (
18. Rd7 Rfd8) 18... Rfd8 19. Rd5 $2 (19. Rxd8+ Rxd8 20. Rd1 $14) 19... Bf6 $1
$13 20. Rxd8+ (20. b3 Na5) 20... Rxd8 21. b3 (21. e5 Be7 22. Rd1 Rxd1 23. Kxd1
f6 $13) 21... Na5 22. Rb1 $1 Rd7 23. Nc1 Be7 24. Nd3 f6 25. e5 fxe5 $1 (25...
Kf7 $2 26. f5 $16) 26. Nxe5 Rb7 {/\Nb8} 27. Nd3 $8 Bf8 (27... Nxb3 28. Nxb4
cxb4 29. Rxb3 $14) 28. f5 Re7 29. Kf3 {/\g4-g5} c4 30. bxc4 Nxc4 $138 31. Bf4
$138 Rd7 32. Ke4 $6 (32. Ne5 $11) 32... Nb6 $1 $15 33. a5 Na4 $1 34. Rc1 N6c5+
35. Nxc5 Nxc5+ 36. Ke3 b3 37. Rb1 Rd3+ 38. Ke2 a6 39. Nc7 Rc3 40. Ne6 Nxe6 41.
fxe6 Ba3 $6 (41... Bb4 42. Be5 Rc6 43. Rxb3 Rxe6 44. Rxb4 Rxe5+ 45. Kf3 Rxa5
46. Rb7 $11) 42. Bd2 Rc6 43. Rxb3 Rxe6+ 44. Kf3 Bc5 45. Rc3 Rf6+ 46. Ke4 Rf2 $1
(46... Bd6 $2 47. Rc6 Bxh2 48. Rxf6 gxf6 49. Kd5 $18) 1/2-1/2